| 000 | 00955nac a22003017a 4500 | ||
|---|---|---|---|
| 001 | BR0804051 | ||
| 003 | BR-BrBNA | ||
| 005 | 20240105123557.0 | ||
| 008 | 230509b bl.|||m| |||| 00| 0 por d | ||
| 040 |
_aBR-BrBNA _bpor _cBiblioteca Nacional de Agricultura |
||
| 072 | _aN10; F07 | ||
| 090 | _aN10 BR0804051 | ||
| 100 | 1 | _aLeal, M.A. de A. | |
| 110 | 1 |
_aEmpresa de Pesquisa Agropecuária do Estado do Rio de Janeiro, Niterói, RJ (Brasil) _94127 |
|
| 245 | 1 | _aSolarizador; modelo PESAGRO-Rio | |
| 260 | 3 |
_aNiterói, RJ (Brasil): _c2005. |
|
| 300 | _a15 p. | ||
| 490 |
_aInforme Técnico - Empresa de Pesquisa Agropecuário do Estado do Rio de Janeiro (Brazil) _vno. 32 _xISSN 0101-3769 |
||
| 500 | _a6 illus. | ||
| 650 | _aEQUIPAMENTO RURAL | ||
| 650 | _aSOLO | ||
| 650 | _aDESINFESTAÇÃO | ||
| 650 | _aENERGIA SOLAR | ||
| 650 | _aCUSTO | ||
| 650 | _aMUDA | ||
| 909 |
_a202312 _bLúcia Elande _c55 _dLúcia Elande |
||
| 942 |
_2AGRIS _n0 _cMS |
||
| 999 |
_c296065 _d296065 |
||